| 000 | 00700nam a2200229 a 4500 | ||
|---|---|---|---|
| 001 | 73334 | ||
| 003 | BD-RjUL | ||
| 005 | 20211209082401.0 | ||
| 008 | 170530s1960 xx 001 0 eng | ||
| 035 | _a(BD-RjUL)73552 | ||
| 040 |
_aDLC _cFMU _dBD-RjUL _beng |
||
| 041 | _aeng | ||
| 082 |
_a621.4838 _223 _bRAD 1960 |
||
| 245 | 1 | 0 |
_aRadioactive wastes : _btheir treatment and disposal / _cWith a foreword by Alexander Fleck. |
| 260 |
_aNew York : _bWiley, _cc1960. |
||
| 300 |
_a239 p. : _bill. ; _c23 cm. |
||
| 504 | _aIncludes bibliography. | ||
| 650 | 0 |
_aRadioactive waste disposal. _9212835 |
|
| 700 |
_aCollins, John Charles, _9216924 |
||
| 700 |
_aFleck, Alexander _9216925 |
||
| 942 |
_2ddc _cBK |
||
| 999 |
_c73334 _d73334 |
||